000 00410nam a2200157Ia 4500
003 OSt
005 20230529095014.0
008 211028s2008 xx 000 0 und d
040 _cTAIMIT LIBRARY
041 _aeng
100 _aBushra, Aysha; Varkey, Shine P.
_g60471508
_98988
110 _aShine P Varkey
_98989
245 _aAntigenic epitope prediction.
260 _aMangalore
_c2008
942 _2ddc
_cPRO
999 _c220157
_d220157